| 000 | 00699nam a2200241 a 4500 | ||
|---|---|---|---|
| 008 | |||
| 049 | _aMAIN | ||
| 090 | _aTA439GUP | ||
| 100 | 1 | _aGupta, R.K. | |
| 245 | 1 | 0 |
_aConcrete technology quantity surveying and valuation / _cR.K. Gupta, Subhash Chander. |
| 260 |
_aNew Delhi : _bJain Brothers, _c1998. |
||
| 300 |
_avii, 414[14] p. : _bill. ; _c24 cm. |
||
| 500 | _aIncludes index. | ||
| 650 | _aConcrete construction. | ||
| 650 | _aQuantity surveying. | ||
| 650 | _aValuation. | ||
| 700 | _aChander, Subhash. | ||
| 907 |
_a.b10127525 _b09-06-07 _c16-06-04 |
||
| 003 | |||
| 005 | 20230123133741.0 | ||
| 040 | _cNUST | ||
| 942 |
_cBOOKS _kTA439GUP |
||
| 999 |
_c153991 _d153991 |
||